000 00308nam a2200133Ia 4500
008 151213s9999 xx 000 0 und d
245 _aSAS / ETS Users Guide Virson - 6
250 _a2nd
260 _bSAS Institution
_c1995
300 _a3001 p.
650 _aComputer
650 _aComputer
999 _c2088
_d2088